00706cam a2200193 a 4500020002400000040000700024082002600031100001900057245004000076246003200116246005400148250001600202260003300218300008200251500002000333500010600353650003400459700001900493 a0789706857 (pbk.) : cKy00a005 QUE 1996 A005 Or.1 aSanna, Paul J.10aUsing Windows NT Workstation 3.51 /30aWindows NT Workstation 3.513 aUsing Windows NT Workstation three point five one aSpecial ed. aIndianapolis :bQue,cc1996. axxxiii, 801 p. :bill. ;c23 cm. +e1 computer laser optical disc (4 3/4 in.) aIncludes index. a"Covers: Version 3.51 for Windows NT (Intel x86, MIPS, Digital Alpha Axp, PowerPC)"--P. [4] of cover. 0aOperating systems (Computers)1 aDaily, Sean K.